Πρώτες ενθυμήσεις
Αποθηκεύτηκε σε:
| Κύριος συγγραφέας: | |
|---|---|
| Άλλοι συγγραφείς: | |
| Μορφή: | Βιβλίο |
| Γλώσσα: | Greek |
| Δημοσίευση: |
Αθήνα :
Ερμής,
1991.
|
| Σειρά: | Αρχείο της Π. Σ. Δέλτα (Ερμής)
; 3 |
| Θέματα: | |
| Ετικέτες: |
Προσθήκη ετικέτας
Δεν υπάρχουν, Καταχωρήστε ετικέτα πρώτοι!
|
MARC
| LEADER | 00000cam a2200000 i 4500 | ||
|---|---|---|---|
| 001 | 1/76908 | ||
| 008 | 980818s1991 gr | ||| |||| ||gre|| | ||
| 035 | |l 10032531 | ||
| 040 | |a GR-MY-UA |b gre |e aacr | ||
| 041 | 0 | |a gre | |
| 082 | 7 | |a 889.3092 |2 (22) | |
| 100 | 1 | |a Δέλτα, Πηνελόπη Σ., |d 1874-1941. | |
| 245 | 1 | 0 | |a Πρώτες ενθυμήσεις / |c Π. Σ. Δέλτα ; επιμέλεια: Π. Α. Ζάννας. |
| 260 | |a Αθήνα : |b Ερμής, |c 1991. | ||
| 300 | |a κδ, 252 σ. : |b φωτ. ; |c 24 εκ. | ||
| 490 | 1 | |a (Αρχείο της Π. Σ. Δέλτα / Ερμής ; |v 3) | |
| 650 | 0 | 0 | |a Greek literature. |
| 700 | 1 | |a Ζάννας, Παναγιώτης Α. |e edt | |
| 830 | 0 | |a Αρχείο της Π. Σ. Δέλτα (Ερμής) |v ; 3 | |
| 852 | |a INST |b RHODES |e 19980818 |h 889.3092 ΔΕΛ |p 005400006091 |q 005400006091 |t BK |y 0 | ||
| 901 | |a BIBL-1998-2 | ||
| 909 | |a Ρ |b 053625 | ||
| 922 | |a 4ΕΛΗ |b 199802 |c ΚΠΣ/ΔΕ |d EMVASIS | ||
| 970 | |z 18/08/1998 | ||